000 00675nam a22002177a 4500
003 UA-OsUOA
001 81942
007 ta
008 20120213b un ||||| |||| 00| 0 ukr d
090 _a821.161.1
_bК47
942 _cBK
040 _aUA-OsUOA
_brus
_cUA-OsUOA
_dUA-OsUOA
245 _aКлассическая басня
_cсост., подг. текста, примечания Гаспарова М.Л., Погдаецкой И.Ю.
300 _a382 с.
955 _a3
041 _arus
080 _a821.161.1
260 _aМ.
_bМоск. рабочий
_c1981
650 7 _a82 Література. Літературознавство
_2UDC
999 _c368245
_d368245